Plants and microclimate : (Record no. 7353)

MARC details
000 -LEADER
fixed length control field 01170cam a2200301 a 4500
001 - CONTROL NUMBER
control field 3432840
003 - CONTROL NUMBER IDENTIFIER
control field OSt
005 - DATE AND TIME OF LATEST TRANSACTION
control field 20211008111551.0
008 - FIXED-LENGTH DATA ELEMENTS--GENERAL INFORMATION
fixed length control field 910611s1992 enkab b 001 0 eng
010 ## - LIBRARY OF CONGRESS CONTROL NUMBER
LC control number 91024016
020 ## - INTERNATIONAL STANDARD BOOK NUMBER
International Standard Book Number 0521415020 (hardback)
020 ## - INTERNATIONAL STANDARD BOOK NUMBER
International Standard Book Number 0521425247 (pbk.)
040 ## - CATALOGING SOURCE
Original cataloging agency DLC
Transcribing agency DDC
Modifying agency DLC
050 00 - LIBRARY OF CONGRESS CALL NUMBER
Classification number QK754.5
Item number .J66 1992
082 00 - DEWEY DECIMAL CLASSIFICATION NUMBER
Classification number 581.5JON 1992
100 1# - MAIN ENTRY--PERSONAL NAME
Personal name Jones, Hamlyn G.;
9 (RLIN) 15069
245 10 - TITLE STATEMENT
Title Plants and microclimate :
Remainder of title A quantitative approach to environmental plant physiology.
Statement of responsibility, etc. Edited by Jones,Hamlyn G.;
250 ## - EDITION STATEMENT
Edition statement 2nd ed.
260 ## - PUBLICATION, DISTRIBUTION, ETC. (IMPRINT)
Place of publication, distribution, etc. New York.
Name of publisher, distributor, etc. Cambridge University Press,
Date of publication, distribution, etc. 1992.
300 ## - PHYSICAL DESCRIPTION
Extent xxiv,428p;
Other physical details ill.
Dimensions 24cm.
504 ## - BIBLIOGRAPHY, ETC. NOTE
Bibliography, etc Includes; bibliographical references (p. [377]-411) and index.
650 #0 - SUBJECT ADDED ENTRY--TOPICAL TERM
Topical term or geographic name as entry element Biology
9 (RLIN) 5602
856 42 - ELECTRONIC LOCATION AND ACCESS
Materials specified Publisher description
Uniform Resource Identifier <a href="http://www.loc.gov/catdir/description/cam024/91024016.html">http://www.loc.gov/catdir/description/cam024/91024016.html</a>
856 41 - ELECTRONIC LOCATION AND ACCESS
Materials specified Table of contents
Uniform Resource Identifier <a href="http://www.loc.gov/catdir/toc/cam025/91024016.html">http://www.loc.gov/catdir/toc/cam025/91024016.html</a>
906 ## - LOCAL DATA ELEMENT F, LDF (RLIN)
a 7
b cbc
c orignew
d 1
e ocip
f 19
g y-gencatlg
942 ## - ADDED ENTRY ELEMENTS (KOHA)
Source of classification or shelving scheme Dewey Decimal Classification
Koha item type Open Shelf
Holdings
Withdrawn status Lost status Source of classification or shelving scheme Damaged status Not for loan Home library Current library Date acquired Source of acquisition Inventory number Total Checkouts Full call number Barcode Date last seen Price effective from Koha item type
    Dewey Decimal Classification     MUST Main Library MUST Main Library 08/10/2021 donation 03/18260   581.5JON 1992 2021-1455 08/10/2021 08/10/2021 Open Shelf